Cartes de Clash Royale - Mort Subite - Statistiques

Statistiques générales
  • Ce quiz a été pris 6 098 fois
  • Le résultat moyen est 12 sur 18
Answers on the Grid
Answers color-coded by a green-red scale on the quiz's grid according to % correct below.
Fripons
Molosse de lave
Reine des archers
Gros bras
Infirmier
Bombardier
Dr Kavan
Ballon
Yéti
Méga gargouille
Dragon
Bébé dragon
Roi squelette
Extracteur d'élixir
Mine d'or
Mineur
Championne Royale
Phénix
Electro-chouette
Gel
Saut
Jessie
Max
Mortis
El Costo
Bo
Dinamyke
Foudre
Moine
Princesse
Colt
Pam
Sorcier
Arc-X
Tesla
Propulseur d'air
 
Statistiques - réponses
Réponse % Correct
Sorcier
74%
Arc-X
73%
Mineur
73%
Ballon
72%
Foudre
72%
Bébé dragon
71%
Extracteur d'élixir
71%
Gel
71%
Méga gargouille
71%
Molosse de lave
71%
Tesla
71%
Princesse
70%
Bombardier
69%
Roi squelette
69%
Reine des archers
68%
Fripons
63%
Phénix
61%
Moine
59%
Aucun quiz correspondant
Distribution des résultats
% des personnes avec chaque résultat
Percentile par nombre de réponses
Votre historique - résultats
Vous n’avez pas pris ce quiz